Acceso a la tierra, desarrollo y reducción de la pobreza
Guardat en:
| Autor principal: | |
|---|---|
| Format: | Llibre |
| Idioma: | espanyol |
| Publicat: |
Bogotá
Banco Mundial
2005
Bogotá Alfaomega 2005 |
| Edició: | 1a. ed |
| Col·lecció: | Serie Desarrollo para Todos, 7
|
| Matèries: | |
| Etiquetes: |
Afegir etiqueta
Sense etiquetes, Sigues el primer a etiquetar aquest registre!
|
MARC
| LEADER | 00000nam a2200000 a 4500 | ||
|---|---|---|---|
| 001 | UCK8022 | ||
| 003 | CL-VaPUC | ||
| 008 | 060113e20050000ck |||||||||||||||||spa|d | ||
| 020 | |a 958682585X | ||
| 082 | 0 | 4 | |a 361.6 |b DEI |2 21 |
| 100 | 0 | |a Deininger, Klaus |e author |9 497806 | |
| 245 | 1 | 0 | |a Acceso a la tierra, desarrollo y reducción de la pobreza |
| 250 | |a 1a. ed | ||
| 300 | |a 64 p | ||
| 942 | |c BK | ||
| 945 | |d 20060113 00:00:00 |a cmena | ||
| 260 | |a Bogotá |b Banco Mundial |c 2005 | ||
| 260 | |a Bogotá |b Alfaomega |c 2005 | ||
| 650 | 0 | |a Problemas sociales |9 258537 | |
| 650 | 0 | |a Pobreza |9 258652 | |
| 650 | 0 | |a Política gubernamental |9 262286 | |
| 650 | 0 | |a Proyectos de inversión |9 261065 | |
| 650 | 0 | |a Agricultura |9 255598 | |
| 650 | 0 | |a Igualdad de oportunidades |9 331873 | |
| 583 | |a last modification |c 20171004 05:17:03 |k Rodrigo Vera | ||
| 490 | 0 | |a Serie Desarrollo para Todos, 7 | |
| 999 | |c 315856 |d 315854 | ||
| 952 | |0 0 |1 0 |4 0 |6 361_600000000000000_DEI_2005_2005 |7 0 |8 A |9 389675 |a BIBGIM |b BIBGIM |d 2019-11-22 |i 4199731 |o 361.6 DEI 2005 2005 |p 4199731 |r 2025-01-15 |w 2019-11-22 |y BK |k GIM | ||